000 00750nam a22002297a 4500
001 48880
003 BD-RjUL
005 20211209054612.0
008 160817s1984 bg ||||| |||| 00| 0 ben d
020 _c: Tk.65.00
035 _a(BD-RjUL)48999
040 _aBD-RjUL
_bben
_cBD-RjUL
_dBD-RjUL
041 _aben
082 _223
_a891.441
_bHUS 1984
100 _aহক, সানাউল
_9147288
245 1 0 _aসানাউল হকের নির্বাচিত কবিতা /
_cসানাউল হক
260 _aঢাকা :
_bনবাশা,
_c১৯৮৪
300 _a২৭১ পৃ. ;
_c২১ সেমি.
650 _aবাংলা কবিতা
_9147198
650 _aBengali poetry
_9147199
942 _2ddc
_cBK
999 _c48880
_d48880